000 00997nam0a22003011 4500
001 rc\3706410
005 20250610062943.0
021 _aRU
_b95-РК-658/3
021 _aRU
_bРГ1849
035 _a(NLR Aleph) 007765778
090 _a7415567
_c7415567
100 _a20130115d1974 |||y0rusy50 ca
101 1 _arus
_ceng
102 _aRU
105 _aa z |||||
200 1 _aПервая стрела
_f[Пер. с англ. А.Н. Кусакина]
210 _aМосква
_cФизкультура и спорт
_d1974
215 _a34, [6] с.
_cцв. ил.
_d23
225 1 _aАзбука спорта
311 _aПер. изд.: My first bow, my first arrow / S.B. Colbi
454 0 _12001#$aMy first bow, my first arrow
_1700#1$aColbi$bS.B.
_tMy first bow, my first arrow
_aColbi, S.B.
700 1 _aКольби
_bС.Б.
702 1 _aКусакин
_bА.Н.
_4730
801 0 _aRU
_bNLR
_gpsbo
801 1 _aRU
_bELAR
_2rusmarc
852 _aNLR
_j95-7/429
942 _cBOOK
980 _aNB